[Event "Obb.Jugend-EM 2012 U16"]
[Site "Riedenburg"]
[Date "2012.02.23"]
[Round "1"]
[White "Arnoczky, Philipp"]
[Black "Mitscherlich, Alexander"]
[Result "1-0"]
[BlackElo "1392"]
[WhiteElo "1968"]

1.d4 d5 2.c4 e6 3.g3 Nf6 4.Bg2 c6 5.Nf3 Be7 6.O-O O-O 7.Qc2 Nbd7 8.Nbd2 Qc7 9.Rd1
c5 10.cxd5 Nxd5 11.a3 Bf6 12.Ne4 cxd4 13.Nxf6+ N7xf6 14.Qxc7 Nxc7 15.Rxd4 b6 16.Ne5
Ncd5 17.Bg5 Bb7 18.Bxf6 gxf6 19.Nd7 Rfd8 20.Bxd5 Rxd7 21.Bxb7 Rxb7 22.Rc1 Rbb8 23.Rc7
Rc8 24.Rdd7 Rxc7 25.Rxc7 a6 26.Rb7 b5 27.b4 Kg7 28.Rb6 Kg6 29.Kg2 h6 30.h3 Kg7 31.Kf3
e5 32.Ke4 Kg6 33.f4 exf4 34.Kxf4 h5 35.e3 Ra7 36.g4 hxg4 37.hxg4 Kg7 38.Kf5 Re7 39.e4
Re5+ 40.Kf4 Re6 41.Rxe6 fxe6 42.e5 Kg6 43.exf6 Kxf6 44.g5+ Kg6 45.Ke5 Kxg5 46.Kxe6
Kf4 47.Kd6 Ke4 48.Kc6 Kd4 49.Kb6 Kc4 50.Kxa6 Kb3 51.Kxb5 Kxa3 52.Ka5 Kb3 53.b5  
1-0

[Event "Obb.Jugend-EM 2012 U16"]
[Site "Riedenburg"]
[Date "2012.02.23"]
[Round "1"]
[White "Wheeler, Sebastian"]
[Black "Hälterlein, Josef"]
[Result "0-1"]
[BlackElo "1710"]
[WhiteElo "1338"]

1.e4 c5 2.Nf3 e6 3.d4 cxd4 4.Nxd4 Nc6 5.Nc3 Qc7 6.Nxc6 dxc6 7.Be2 e5 8.O-O Be6 9.Bg5
Be7 10.Bxe7 Nxe7 11.Qd3 O-O 12.Qg3 Ng6 13.Bg4 Nf4 14.Rad1 Rad8 15.Bxe6 Nxe6 16.Rd3
Rxd3 17.Qxd3 Rd8 18.Qe2 Nd4 19.Qd3 Qe7 20.Rd1 Qf6 21.f3 Qe7 22.Kh1 Qb4 23.b3 Qe7
24.Ne2 Ne6 25.Nd4 Rxd4 26.Qe2 Rxd1+ 27.Qxd1 Qd8 28.Qe2 Nf4 29.Qe1 Qd4 30.h3 h6 31.a4
c5 32.c3 Qd3 33.b4 cxb4 34.cxb4 Qe2   0-1

[Event "Obb.Jugend-EM 2012 U16"]
[Site "Riedenburg"]
[Date "2012.02.23"]
[Round "1"]
[White "Voggenreiter, Simon"]
[Black "Weitl, Stefan"]
[Result "1-0"]
[BlackElo "1286"]
[WhiteElo "1695"]

1.e4 e5 2.Nf3 Nc6 3.Bc4 Bc5 4.b4 Bxb4 5.c3 Ba5 6.d4 exd4 7.O-O dxc3 8.Ba3 Qf6 9.e5
Qf5 10.Nd4 Nxd4 11.Qxd4 b6 12.Nxc3 c5 13.Qd5 Rb8 14.Nb5 Ne7 15.Nd6+ Kf8 16.Nxf5 Nxd5
17.Bxd5 Bc3 18.Rab1 Bxe5 19.f4 Bc7 20.Bb2 f6 21.Rbe1 d6 22.Nxg7 Bd8 23.Nh5 Bb7 24.Bxb7
Rxb7 25.Nxf6 Bxf6 26.Bxf6 Rg8 27.g3 Kf7 28.Bb2 c4 29.Kf2 b5 30.Rd1 Rd7 31.Rd5 a6
32.Rfd1 Rgd8 33.Bc3 Ke7 34.Rh5 Kf8 35.Rdd5 Rf7 36.Rh6 Ke7 37.Bb4 Rf6 38.Rxf6 Kxf6
39.Rxd6+ Rxd6 40.Bxd6 c3 41.Be5+ Kf5 42.Bxc3 Kg4 43.Kg2 h5 44.h3+ Kf5 45.Kf3   1-0

[Event "Obb.Jugend-EM 2012 U16"]
[Site "Riedenburg"]
[Date "2012.02.23"]
[Round "1"]
[White "Deppe, Richard"]
[Black "Semmler, Dominik"]
[Result "0-1"]
[BlackElo "1578"]
[WhiteElo "1228"]

1.e4 c5 2.Bc4 e6 3.Nc3 a6 4.Nf3 b5 5.Bd3 d6 6.O-O Nf6 7.Re1 Nbd7 8.b3 Bb7 9.Bb2 Rc8
10.h3 c4 11.Bf1 b4 12.Nb1 cxb3 13.axb3 Bxe4 14.Rxa6 Bxc2 15.Qe2 Bxb3 16.Ng5 Bc4 17.Qf3
Bxa6 18.Bxa6 Rb8 19.Bc4 Be7 20.Bxf6 Bxf6 21.Nxe6 fxe6 22.Rxe6+ Kf8 23.Rxd6 Qe8 24.Re6
Qg6 25.d3 Re8 26.Qc6 Rxe6 27.Bxe6 Qxd3 28.Bxd7 Qxb1+ 29.Kh2 Kf7 30.Qe6+ Kg6 31.Qg4+
Kh6 32.Bf5 Qb2 33.Qf4+ g5 34.Qf3 Qc3 35.Qb7 Qe5+   0-1

[Event "Obb.Jugend-EM 2012 U16"]
[Site "Riedenburg"]
[Date "2012.02.23"]
[Round "1"]
[White "Körber, Aljoscha"]
[Black "Meier, Jonas"]
[Result "1-0"]
[BlackElo "1145"]
[WhiteElo "1540"]

1.e4 Nf6 2.Nc3 d5 3.exd5 Nxd5 4.Nxd5 Qxd5 5.Nf3 g6 6.Be2 Bg7 7.d4 Nc6 8.c3 Bf5 9.O-O
O-O 10.Bf4 e5 11.Nxe5 Nxe5 12.dxe5 Qe6 13.Re1 Bxe5 14.Bc4 Qxc4 15.Bxe5 Rad8 16.Qf3
c6 17.Bf6 Rd3 18.Qe2 Bd7 19.h3 Rc8 20.b3 Qd5 21.c4 Qf5 22.Qb2 Rd6 23.Bd4 Qg5 24.Kf1
Qh4 25.Rad1 Re6 26.Bh8 Qh6 27.Rxd7 Rxe1+ 28.Kxe1 Re8+ 29.Kf1 f6 30.Bxf6 g5 31.Bh8
g4 32.Rg7+ Kf8 33.Qa3+   1-0

[Event "Obb.Jugend-EM 2012 U16"]
[Site "Riedenburg"]
[Date "2012.02.23"]
[Round "1"]
[White "Ohling, Ivo"]
[Black "Stöhler, Jörn"]
[Result "0-1"]
[BlackElo "1477"]
[WhiteElo "1093"]

1.d4 e6 2.c4 d5 3.Bf4 Nf6 4.Nc3 Nc6 5.e3 h6 6.Nf3 Bb4 7.Qc2 Nh5 8.g3 Be7 9.g4 Nxf4
10.exf4 Bf6 11.O-O-O dxc4 12.Bxc4 Nxd4 13.Qe4 c5 14.Nb5 Qb6 15.Nbxd4 cxd4 16.Nxd4
Bd7 17.Kb1 Bc6 18.Bb5 Bxb5 19.Nxb5 Qxb5 20.Qc2 O-O   0-1

[Event "Obb.Jugend-EM 2012 U16"]
[Site "Riedenburg"]
[Date "2012.02.23"]
[Round "1"]
[White "Rank, Thomas"]
[Black "Breidert, Daniel"]
[Result "1-0"]
[BlackElo "819"]
[WhiteElo "1450"]

1.e4 c5 2.Nc3 d6 3.f4 g6 4.Nf3 Nf6 5.d3 Nc6 6.Be3 Bg7 7.g3 b6 8.Bg2 O-O 9.O-O Bg4
10.h3 Bxf3 11.Bxf3 Qd7 12.Bg2 Nh5 13.g4 Nxf4 14.Rxf4 Be5 15.Rf1 Nd4 16.Rb1 a5 17.Ne2
Qa4 18.Nxd4 cxd4 19.Bh6 Rfc8 20.a3 Rxc2 21.Rf2 Rac8 22.Rxc2 Rxc2 23.Rc1 Rxc1 24.Qxc1
Qd7 25.Qc4 e6 26.Qa6 Qd8 27.Bf3 Bg7 28.Bd2 Qh4 29.Qc8+ Bf8 30.Kg2 Qf6 31.Bh6 Qe7
32.b4 axb4 33.axb4 f6 34.h4 Kf7 35.Bxf8 Qxf8 36.Qxf8+ Kxf8 37.b5 e5 38.Kf2 Kg7 39.Ke2
Kh6 40.Kd2 g5 41.h5 Kg7 42.Kc2 Kf7 43.Kb3 Ke7 44.Kc4 Ke6 45.Bg2 h6 46.Bf3 Kd7 47.Kd5
Ke7 48.Kc6 Ke6 49.Kxb6 d5 50.exd5+ Kd6 51.Be4   1-0

[Event "Obb.Jugend-EM 2012 U16"]
[Site "Riedenburg"]
[Date "2012.02.24"]
[Round "2"]
[White "Semmler, Dominik"]
[Black "Arnoczky, Philipp"]
[Result "0-1"]
[BlackElo "1968"]
[WhiteElo "1578"]

1.d4 Nf6 2.c4 c5 3.d5 b5 4.b3 g6 5.Bb2 Bg7 6.Qc2 d6 7.e4 O-O 8.Bd3 bxc4 9.bxc4 Nbd7
10.Nf3 Rb8 11.Nc3 Qa5 12.O-O Nxe4 13.Bxe4 Rxb2 14.Qxb2 Bxc3 15.Qc2 Bxa1 16.Rxa1 Ba6
17.Bd3 Rb8 18.Re1 Ne5 19.Re2 Nxd3 20.Qxd3 Bxc4 21.Qd2 Rb1+   0-1

[Event "Obb.Jugend-EM 2012 U16"]
[Site "Riedenburg"]
[Date "2012.02.24"]
[Round "2"]
[White "Hälterlein, Josef"]
[Black "Körber, Aljoscha"]
[Result "1-0"]
[BlackElo "1540"]
[WhiteElo "1710"]

1.e4 e6 2.d4 d5 3.e5 c5 4.c3 Nc6 5.Nf3 Nge7 6.a3 Qb6 7.b4 cxd4 8.cxd4 Bd7 9.Bb2 Rc8
10.Bd3 Ng6 11.g3 Be7 12.O-O O-O 13.Nbd2 Nh8 14.Nb3 Qd8 15.Re1 b6 16.Qb1 g6 17.Qd1
f6 18.exf6 Rxf6 19.Bc1 Rf8 20.Bf4 Nf7 21.Ba6 Rb8 22.Bxb8 Qxb8 23.Bb5 Qd6 24.Qe2 Ncd8
25.Bd3 Bf6 26.Rac1 Re8 27.Ne5 Bxe5 28.dxe5 Qb8 29.Nd4 Nc6   1-0

[Event "Obb.Jugend-EM 2012 U16"]
[Site "Riedenburg"]
[Date "2012.02.24"]
[Round "2"]
[White "Stöhler, Jörn"]
[Black "Voggenreiter, Simon"]
[Result "1/2-1/2"]
[BlackElo "1695"]
[WhiteElo "1477"]

1.e4 e6 2.d4 d5 3.e5 c5 4.c3 Nc6 5.Nf3 Bd7 6.a3 Be7 7.b4 cxd4 8.cxd4 a6 9.Nc3 f6 10.Bd3
fxe5 11.dxe5 Qc7 12.Bb2 Nh6 13.h3 Nf7 14.Qb1 g6 15.Ne2 Rg8 16.Qc1 Qb8 17.Qe3 Bd8
18.Nf4 Bc8 19.O-O Bc7   1/2-1/2

[Event "Obb.Jugend-EM 2012 U16"]
[Site "Riedenburg"]
[Date "2012.02.24"]
[Round "2"]
[White "Mitscherlich, Alexander"]
[Black "Rank, Thomas"]
[Result "0-1"]
[BlackElo "1450"]
[WhiteElo "1392"]

1.e4 e5 2.Nf3 Nc6 3.Bb5 Nd4 4.Nxd4 exd4 5.d3 Nf6 6.O-O c6 7.Bc4 d5 8.exd5 Nxd5 9.Bxd5
Qxd5 10.Nd2 Bd6 11.Re1+ Be6 12.Qf3 O-O 13.Ne4 Bc7 14.Ng5 Qxf3 15.Nxf3 c5 16.Bd2 Bd5
17.Ne5 Rfe8 18.Nd7 b6 19.Bg5 Bc6 20.Nxc5 bxc5 21.Be7 Bd8 22.Bxc5 Bb6 23.Bxb6 axb6
24.c3 Rxe1+ 25.Rxe1 Re8 26.Rxe8+ Bxe8 27.Kf1 Kf8 28.Ke2 Ke7 29.f3 Kd6 30.Kd2 Kc5
31.b3 Bc6 32.Kc2 g5 33.Kd2 h5 34.a3 g4 35.fxg4 hxg4 36.g3 b5 37.Kc2 dxc3 38.Kxc3
Kd5 39.Kc2 Kd4 40.Kd2 f5 41.Kc2 Ke3 42.Kc3 Kf2 43.Kd4 Kg2 44.Ke5 Kxh2 45.Kf4 b4 46.axb4
Bb5 47.d4 Bc6 48.Kxf5 Kxg3 49.Ke5 Kf2 50.Kd6 Bb5 51.Kc5 Be8 52.b5 Bxb5 53.Kxb5 g3
54.d5 g2 55.d6 g1=Q 56.d7 Qg8 57.Kc6 Qd8 58.b4 Ke3 59.b5 Kd4 60.b6 Kc4 61.b7 Kb4
62.Kd6 Kb5 63.b8=Q+ Qxb8+ 64.Ke7 Qe5+ 65.Kd8 Kc6 66.Kc8 Qc7#   0-1

[Event "Obb.Jugend-EM 2012 U16"]
[Site "Riedenburg"]
[Date "2012.02.24"]
[Round "2"]
[White "Meier, Jonas"]
[Black "Wheeler, Sebastian"]
[Result "1/2-1/2"]
[BlackElo "1338"]
[WhiteElo "1145"]

1.e4 e5 2.f4 d6 3.Nf3 Bg4 4.Bc4 exf4 5.d4 Be7 6.Bxf4 Nc6 7.c3 Nf6 8.Nbd2 d5 9.Bd3
dxe4 10.Nxe4 Nd5 11.Bd2 O-O 12.O-O h6 13.Qc2 Nf6 14.Rf2   1/2-1/2

[Event "Obb.Jugend-EM 2012 U16"]
[Site "Riedenburg"]
[Date "2012.02.24"]
[Round "2"]
[White "Weitl, Stefan"]
[Black "Ohling, Ivo"]
[Result "1-0"]
[BlackElo "1093"]
[WhiteElo "1286"]

1.e4 e5 2.Nf3 Nc6 3.Bc4 Bc5 4.Nc3 Nf6 5.d3 h6 6.Be3 Bxe3 7.fxe3 d6 8.Qe2 Bg4 9.O-O-O
O-O 10.h3 Bh5 11.g4 Bg6 12.g5 hxg5 13.Rhg1 Bh5 14.Rxg5 Na5 15.Rdg1 g6 16.Nd5 Nh7
17.Rxh5 Kh8 18.Rh4   1-0

[Event "Obb.Jugend-EM 2012 U16"]
[Site "Riedenburg"]
[Date "2012.02.24"]
[Round "2"]
[White "Breidert, Daniel"]
[Black "Deppe, Richard"]
[Result "1/2-1/2"]
[BlackElo "1228"]
[WhiteElo "819"]

1.d4 d5 2.Nf3 Nc6 3.Bf4 Bf5 4.e3 Nf6 5.c4 e6 6.a3 Be7 7.Nc3 dxc4 8.Bxc4 O-O 9.Qe2
Ng4 10.e4 Bg6 11.Rd1 f5 12.e5 Bf7 13.h3 Nh6 14.O-O Qd7 15.Be3 Bh5 16.d5 exd5 17.Bxd5+
Kh8 18.e6 Qe8 19.Bf4 Rc8 20.Qb5 Nd8 21.Qxe8 Rxe8 22.Rfe1 c6 23.Bc4 b5 24.Bb3 Nb7
25.Re3 a5 26.a4 Nc5 27.Bc2 b4 28.Ne2 Bf6   1/2-1/2

[Event "Obb.Jugend-EM 2012 U16"]
[Site "Riedenburg"]
[Date "2011.02.24"]
[Round "3"]
[White "Rank, Thomas"]
[Black "Hälterlein, Josef"]
[Result "0-1"]
[BlackElo "1710"]
[WhiteElo "1450"]

1.e4 c5 2.Nc3 e6 3.f4 d6 4.Nf3 g6 5.Bc4 Bg7 6.d3 Nc6 7.O-O Nge7 8.Qe1 O-O 9.Qh4 Nd4
10.Qf2 Nec6 11.Nb5 Nxb5 12.Bxb5 Nd4 13.Ba4 b5 14.Nxd4 Bxd4 15.Be3 Bxe3 16.Qxe3 bxa4
17.Rf3 f5 18.exf5 exf5 19.Re1 Bd7 20.Rh3 Re8 21.Qf2 Rxe1+ 22.Qxe1 Qf8 23.Qc3 Qe7
24.Qc4+ Qe6 25.Qxe6+ Bxe6 26.Re3 Kf7 27.d4 cxd4 28.Rd3 Rb8 29.b3 axb3 30.cxb3 Rb4
31.Rh3 h5 32.Kf2 a5   0-1

[Event "Obb.Jugend-EM 2012 U16"]
[Site "Riedenburg"]
[Date "2012.02.24"]
[Round "3"]
[White "Arnoczky, Philipp"]
[Black "Stöhler, Jörn"]
[Result "1-0"]
[BlackElo "1477"]
[WhiteElo "1968"]

1.d4 e6 2.c4 d5 3.g3 Nf6 4.Bg2 c6 5.Nf3 Nbd7 6.O-O b5 7.c5 Qe7 8.Bf4 Ne4 9.Nbd2 g5
10.Nxe4 gxf4 11.Nd6+ Kd8 12.Qd2 Qf6 13.Ne5 Nxe5 14.dxe5 Qg7 15.Qa5+ Kd7 16.Rad1 f6
17.Rxd5 exd5 18.Bh3+ Ke7 19.Qc7+ Bd7 20.Qxd7#   1-0

[Event "Obb.Jugend-EM 2012 U16"]
[Site "Riedenburg"]
[Date "2012.02.24"]
[Round "3"]
[White "Voggenreiter, Simon"]
[Black "Semmler, Dominik"]
[Result "1-0"]
[BlackElo "1578"]
[WhiteElo "1695"]

1.e4 c5 2.Nf3 e6 3.d4 cxd4 4.Nxd4 a6 5.Bd3 d6 6.f3 Nd7 7.Be3 Ngf6 8.Nd2 b6 9.Qe2 Bb7
10.g4 h6 11.O-O-O e5 12.Nf5 g6 13.Ng3 Be7 14.h4 h5 15.g5 Nh7 16.f4 Nhf8 17.Rhf1 exf4
18.Rxf4 Ne6 19.Rf2 O-O 20.Nxh5 gxh5 21.Qxh5 Ng7 22.Qh6 Ne5 23.Bd4 Ne6 24.Bxe5 dxe5
25.g6 Bf6 26.Qh7#   1-0

[Event "Obb.Jugend-EM 2012 U16"]
[Site "Riedenburg"]
[Date "2012.02.24"]
[Round "3"]
[White "Körber, Aljoscha"]
[Black "Weitl, Stefan"]
[Result "1-0"]
[BlackElo "1286"]
[WhiteElo "1540"]

1.e4 e5 2.f4 exf4 3.Bc4 Nc6 4.d4 d6 5.Nc3 g6 6.Bxf4 Bg7 7.Nf3 Bg4 8.Be3 Nf6 9.O-O
O-O 10.h3 Bh5 11.Bg5 Bxf3 12.Qxf3 Nxd4 13.Qf2 Ng4 14.Qh4 Qd7 15.hxg4 Rae8 16.Nd5
Nc6 17.Bf6   1-0

[Event "Obb.Jugend-EM 2012 U16"]
[Site "Riedenburg"]
[Date "2012.02.24"]
[Round "3"]
[White "Wheeler, Sebastian"]
[Black "Breidert, Daniel"]
[Result "1-0"]
[BlackElo "819"]
[WhiteElo "1338"]

1.e4 c5 2.Nf3 d6 3.d4 cxd4 4.Nxd4 Nf6 5.Nc3 a6 6.Bc4 g6 7.Bg5 Bg7 8.O-O O-O 9.Nf3
b5 10.Bb3 Bb7 11.Qd3 e6 12.Rad1 Qe8 13.Bxf6 Bxf6 14.Qxd6 Bxc3 15.bxc3 Bxe4 16.Ng5
Bf5 17.Rd2 h6 18.Nf3 Nc6 19.Rfd1 Na5 20.Ne5 Qc8 21.Nd7 Qb7 22.Nxf8 Rxf8 23.Qe5 Qe7
24.h3 Nc6 25.Qd6 Qb7 26.Qd7 Qb6 27.Rd6 Be4 28.Bxe6 fxe6 29.Qxe6+ Rf7 30.Qxe4 Qxf2+
31.Kh1 Ne7 32.Rxg6+ Nxg6 33.Qxg6+ Kf8 34.Rd8+ Ke7 35.Qd6#   1-0

[Event "Obb.Jugend-EM 2012 U16"]
[Site "Riedenburg"]
[Date "2012.02.24"]
[Round "3"]
[White "Deppe, Richard"]
[Black "Meier, Jonas"]
[Result "0-1"]
[BlackElo "1145"]
[WhiteElo "1228"]

1.e4 Nf6 2.Nc3 d5 3.exd5 Nxd5 4.Nxd5 Qxd5 5.Nf3 g6 6.d3 Bg7 7.Be2 Be6 8.O-O O-O 9.Rb1
Qxa2 10.c3 Qxb1 11.Ng5 Nd7 12.Bf3 c6 13.Be2 Qa2   0-1

[Event "Obb.Jugend-EM 2012 U16"]
[Site "Riedenburg"]
[Date "2012.02.24"]
[Round "3"]
[White "Ohling, Ivo"]
[Black "Mitscherlich, Alexander"]
[Result "1/2-1/2"]
[BlackElo "1392"]
[WhiteElo "1093"]

1.d4 d5 2.c4 e6 3.Nc3 Nf6 4.Bg5 c6 5.e3 Be7 6.Nf3 O-O 7.Be2 Nbd7 8.O-O Qc7 9.a3 b6
10.b4 h6 11.Bh4 Re8 12.Bg3 Bd6 13.Bxd6 Qxd6 14.c5 bxc5 15.bxc5 Qc7 16.Re1 e5 17.Rb1
e4 18.Nd2 Nf8 19.Nf1 Ng6 20.a4   1/2-1/2

[Event "Obb.Jugend-EM 2012 U16"]
[Site "Riedenburg"]
[Date "2012.02.25"]
[Round "4"]
[White "Hälterlein, Josef"]
[Black "Arnoczky, Philipp"]
[Result "0-1"]
[BlackElo "1968"]
[WhiteElo "1710"]

1.e4 Nf6 2.e5 Nd5 3.d4 d6 4.c4 Nb6 5.f4 dxe5 6.fxe5 c5 7.d5 e6 8.d6 Qh4+ 9.g3 Qe4+
10.Kf2 Qxe5 11.Nf3 Qxd6 12.Bd3 Nc6 13.Bf4 Qd8 14.Nc3 a6 15.Re1 Be7 16.Ne4 e5 17.Be3
f5 18.Nxc5 e4 19.Nxe4 fxe4 20.Bxe4 Qxd1 21.Raxd1 Nd7 22.Bxc6 bxc6 23.Nd4 O-O+ 24.Kg1
Bb4   0-1

[Event "Obb.Jugend-EM 2012 U16"]
[Site "Riedenburg"]
[Date "2012.02.25"]
[Round "4"]
[White "Körber, Aljoscha"]
[Black "Voggenreiter, Simon"]
[Result "1/2-1/2"]
[BlackElo "1695"]
[WhiteElo "1540"]

1.e4 e6 2.d4 d5 3.exd5 exd5 4.Nf3 Bd6 5.Bd3 Bg4 6.O-O Ne7 7.c3 Nd7 8.Bg5 f6 9.Bh4
c6 10.Nbd2 Qc7 11.Bg3 Bxg3 12.fxg3 O-O-O 13.Qc2 Bxf3 14.Nxf3 g6 15.Rae1 Rhe8 16.Re6
  1/2-1/2

[Event "Obb.Jugend-EM 2012 U16"]
[Site "Riedenburg"]
[Date "2012.02.25"]
[Round "4"]
[White "Meier, Jonas"]
[Black "Rank, Thomas"]
[Result "1-0"]
[BlackElo "1450"]
[WhiteElo "1145"]

1.e4 e5 2.f4 d6 3.Nf3 Bg4 4.Bc4 Nd7 5.Nc3 Ngf6 6.d3 c6 7.f5 Qc7 8.h3 Bxf3 9.Qxf3 Nb6
10.Bb3 O-O-O 11.Bg5 Qd7 12.O-O-O d5 13.exd5 Nbxd5 14.Nxd5 Nxd5 15.Bxd8 Qxd8 16.Bxd5
cxd5 17.Qe3 Qa5 18.Qxe5 Qxa2 19.Qc3+ Kd7 20.Qb3 Qa5 21.Qxb7+ Kd8 22.c3 d4 23.cxd4
Bb4 24.Qb8+ Kd7 25.Qxh8 Qa1+ 26.Kc2 Qa4+ 27.Kb1 Bc3 28.Qb8 Bxd4 29.Rc1 Ke7 30.Qc7+
Kf6 31.Qc6+ Kg5 32.Qxa4   1-0

[Event "Obb.Jugend-EM 2012 U16"]
[Site "Riedenburg"]
[Date "2012.02.25"]
[Round "4"]
[White "Stöhler, Jörn"]
[Black "Wheeler, Sebastian"]
[Result "1-0"]
[BlackElo "1338"]
[WhiteElo "1477"]

1.e4 e5 2.Nf3 Nc6 3.Bb5 Bc5 4.d3 a6 5.Bxc6 dxc6 6.Nxe5 Qd4 7.Ng4 Bxg4 8.Qxg4 Qxf2+
9.Kd1 Qf6 10.Nc3 Nh6 11.Qh5 Bd4 12.Bxh6 Qxh6 13.Qxh6 gxh6 14.g4 Rg8 15.h3 Rg7 16.Rb1
O-O-O 17.Ne2 Be3 18.Ng3 Bg5 19.Nf5 Rg6 20.h4 Bf6 21.e5 Rxg4 22.exf6 Rf4 23.Nxh6 Rxf6
24.Ng4 Rg6 25.Ne3 Rg3 26.Kd2 Rdg8 27.Rbe1 b5 28.Kd1 Kb7 29.a3 a5 30.b4 axb4 31.axb4
Ra8 32.Kd2 f6 33.Reg1 Rxg1 34.Rxg1 Ra4 35.c3 Ra2+ 36.Nc2 Ra8 37.Rg7 h5 38.Rf7 Rg8
39.Ne3 Rg6 40.Ke2 Kc8 41.Kf2 Kd8 42.Rh7 Kc8 43.Rxh5 Kd7 44.Rh7+ Kd8 45.Rf7 Kc8 46.h5
Rh6 47.Rf8+ Kb7 48.Ng4 Rxh5 49.Rxf6 c5 50.Ke3 cxb4 51.cxb4 c5 52.bxc5 Rxc5 53.Kd4
Rc7 54.Ne5 b4 55.Rf7 b3 56.Rxc7+ Kxc7 57.Kc3 Kd6 58.Nf3 Kd5 59.d4 Kd6 60.Kxb3 Kd5
61.Kb4 Kd6 62.Kc4 Kc6 63.Ne5+ Kd6 64.d5 Ke7 65.Kc5 Ke8 66.Kc6 Kd8 67.d6 Kc8 68.Nf7
Kb8 69.d7   1-0

[Event "Obb.Jugend-EM 2012 U16"]
[Site "Riedenburg"]
[Date "2012.02.25"]
[Round "4"]
[White "Semmler, Dominik"]
[Black "Weitll, Stefan"]
[Result "1-0"]
[BlackElo "1286"]
[WhiteElo "1578"]

1.d4 d5 2.c4 c6 3.Nc3 Nf6 4.e3 Bf5 5.Qb3 b6 6.cxd5 Nxd5 7.Nf3 e6 8.e4 Nxc3 9.exf5
Nd5 10.fxe6 Bb4+ 11.Bd2 Bxd2+ 12.Kxd2 fxe6 13.Re1 Qd6 14.Bc4 O-O 15.Re4 b5 16.Bd3
Na6 17.Rhe1 Nac7 18.Rh4 h6 19.Qc2 Kh8 20.Ng5 Rxf2+ 21.Be2 Qb4+ 22.Kd3 Qc4+ 23.Qxc4
bxc4+ 24.Kxc4 Rxg2 25.Nf7+ Kg8 26.Ne5 Ne7 27.b3 Rd8 28.a4 Rd5 29.Bf3 Rc2+ 30.Kd3
Rb2 31.Kc3 Ra2 32.Bxd5 exd5 33.Nd7 Ng6 34.Rg4 Kh7 35.Reg1 Ne8 36.Rxg6 Rxh2 37.Re6
Rh3+ 38.Kb2 Rh2+ 39.Ka1 Nf6 40.Nxf6+ gxf6   1-0

[Event "Obb.Jugend-EM 2012 U16"]
[Site "Riedenburg"]
[Date "2012.02.25"]
[Round "4"]
[White "Mitscherlich, Alexander"]
[Black "Deppe, Richard"]
[Result "1-0"]
[BlackElo "1228"]
[WhiteElo "1392"]

1.e4 e5 2.Nf3 Nc6 3.Bb5 Nf6 4.O-O Nxe4 5.Bxc6 dxc6 6.Nxe5 Be6 7.Re1 Nf6 8.Nc3 Bc5
9.d3 O-O 10.Be3 Bxe3 11.Rxe3 Nd5 12.Nxd5 Bxd5 13.Qh5 h6 14.Rg3 Be6 15.Qxh6 g6 16.Nxg6
  1-0

[Event "Obb.Jugend-EM 2012 U16"]
[Site "Riedenburg"]
[Date "2012.02.25"]
[Round "4"]
[White "Breidert, Daniel"]
[Black "Ohling, Ivo"]
[Result "1-0"]
[BlackElo "1093"]
[WhiteElo "819"]

1.d4 d5 2.Nf3 Nf6 3.Bf4 Bf5 4.e3 e6 5.c4 c5 6.Nc3 Nc6 7.cxd5 Nxd5 8.Bb5 Rc8 9.Be5
a6 10.Bxc6+ Rxc6 11.O-O f6 12.Bf4 Nxf4 13.exf4 Bd6 14.d5 Rc7 15.Qd2 O-O 16.Rad1 Rd7
17.Rfe1 Re8 18.h3 exd5 19.Qxd5+ Kh8 20.Qxf5 Rxe1+ 21.Rxe1 h6 22.Qe4 Re7 23.Qd5 Rd7
24.g3 Bxf4 25.Qe6   1-0

[Event "Obb.Jugend-EM 2012 U16"]
[Site "Riedenburg"]
[Date "2012.02.25"]
[Round "5"]
[White "Arnoczky, Philipp"]
[Black "Voggenreiter, Simon"]
[Result "1-0"]
[BlackElo "1695"]
[WhiteElo "1968"]

1.d4 e6 2.c4 Nf6 3.g3 Bb4+ 4.Bd2 c5 5.Bg2 Bxd2+ 6.Qxd2 cxd4 7.Nf3 O-O 8.Nxd4 a6 9.Nc3
Ra7 10.O-O b6 11.Rfd1 Bb7 12.e4 Qc7 13.Rac1 Nc6 14.h3 Qb8 15.Na4 e5 16.Nf5 Na5 17.Qg5
  1-0

[Event "Obb.Jugend-EM 2012 U16"]
[Site "Riedenburg"]
[Date "2012.02.25"]
[Round "5"]
[White "Meier, Jonas"]
[Black "Hälterlein, Josef"]
[Result "0-1"]
[BlackElo "1710"]
[WhiteElo "1145"]

1.e4 c5 2.Nf3 e6 3.d4 cxd4 4.Nxd4 Nc6 5.Nc3 Qc7 6.Be3 a6 7.Bd3 Nf6 8.Qe2 Bb4 9.a3
Be7 10.O-O-O b5 11.Nb3 Bb7 12.f3 b4 13.axb4 Bxb4 14.Na2 Be7 15.Nc5 O-O 16.Nxa6 Qa5
17.e5 Nd5 18.c4 Nxe3 19.Qxe3 Bxa6 20.Nc3 Qxe5 21.Qxe5 Nxe5 22.Be4 Bg5+ 23.Kb1 Rab8
24.g3 Nxc4 25.Na4 d5 26.Bd3 Bf6 27.Bxc4 Bxc4 28.Rd2 Rb4 29.Nc5 Rfb8 30.Kc1 Rxb2 31.Rxb2
Rxb2 32.Nd7 Bc3 33.Rd1 Ra2 34.Nb6 Bb3   0-1

[Event "Obb.Jugend-EM 2012 U16"]
[Site "Riedenburg"]
[Date "2012.02.25"]
[Round "5"]
[White "Stöhler, Jörn"]
[Black "Körber, Aljoscha"]
[Result "1-0"]
[BlackElo "1540"]
[WhiteElo "1477"]

1.e4 e6 2.d4 d5 3.e5 c5 4.c3 Nc6 5.Nf3 Nge7 6.Bd3 Bd7 7.a3 Qb6 8.Bc2 Ng6 9.O-O Be7
10.b4 cxd4 11.cxd4 Rc8 12.Bb2 O-O 13.Nc3 a6 14.Ne2 Na7 15.Qd2 Bb5 16.Rfc1 Rc7 17.Nf4
Rfc8 18.Nh3 h6 19.Ne1 Be8 20.Nd3 Nb5 21.Ne1 Rc4 22.Nf3 Nh4 23.Nxh4 Bxh4 24.Bd3 Rxc1+
25.Rxc1 Rxc1+ 26.Qxc1 Nxd4 27.Qf4 Nf5 28.Bxf5 g5 29.Qf3 exf5 30.Qxf5 Qe6 31.Qxe6
fxe6 32.g3 g4 33.Nf4 Be7 34.Nxe6 Kf7 35.Nf4 Bc6 36.Kf1 Bg5 37.Ke2 Bxf4 38.gxf4 Ke6
39.Ke3 Kf5 40.Bc1 Kg6 41.Kd4 Kf5 42.Bd2 b6 43.a4 a5 44.bxa5 bxa5 45.Bxa5 Kxf4 46.Bd2+
Kf3 47.a5 Kxf2 48.Bxh6 Kg2 49.Bf4 Kf3 50.Bg3   1-0

[Event "Obb.Jugend-EM 2012 U16"]
[Site "Riedenburg"]
[Date "2012.02.25"]
[Round "5"]
[White "Rank, Thomas"]
[Black "Semmler, Dominik"]
[Result "0-1"]
[BlackElo "1578"]
[WhiteElo "1450"]

1.e4 c5 2.Nc3 e6 3.f4 Ne7 4.Nf3 g6 5.Bc4 a6 6.a3 d5 7.exd5 exd5 8.Be2 Nbc6 9.d4 c4
10.Be3 Nf5 11.Bf2 Bh6 12.Qd2 O-O 13.O-O Re8 14.g4 Nfe7 15.Nh4 Qc7 16.Bg3 Qb6 17.Bf2
Bg7 18.Ng2 Bxd4 19.Bxd4 Qxd4+ 20.Qxd4 Nxd4 21.h3 Nxe2+ 22.Nxe2 b5 23.Nc3 Bb7 24.Rad1
Rad8 25.Rd2 d4 26.Rfd1 Nc6 27.Ne2 d3 28.cxd3 cxd3 29.Rxd3 Rxd3 30.Rxd3 Rxe2 31.Rd7
Re7 32.Rd2 Na5 33.f5 Bxg2 34.Kxg2 gxf5 35.gxf5 Kg7 36.Rd6 Ra7 37.f6+ Kg6 38.Rd3 Nc4
39.Rg3+ Kxf6 40.b3 Nxa3 41.Rf3+ Kg7 42.Rg3+ Kf8 43.Rc3 b4 44.Kf3 bxc3   0-1

[Event "Obb.Jugend-EM 2012 U16"]
[Site "Riedenburg"]
[Date "2012.02.25"]
[Round "5"]
[White "Wheeler, Sebastian"]
[Black "Mitscherlich,Alexander"]
[Result "1/2-1/2"]
[BlackElo "1392"]
[WhiteElo "1338"]

1.e4 c5 2.Nf3 d6 3.d4 cxd4 4.Nxd4 Nf6 5.Nc3 g6 6.Bc4 Bg7 7.O-O O-O 8.Qd3 Nc6 9.Nxc6
bxc6 10.Bg5 Qc7 11.h3 Bb7 12.Rab1 e6 13.Qg3 Nh5 14.Qe3 d5 15.g4 Nf6 16.Qf3 Qe5 17.Bxf6
Bxf6 18.Bd3 Bg7 19.exd5 cxd5 20.Rfe1 Qd6 21.Nb5 Qc5 22.Qe3 d4 23.Qe2 a6 24.Na3 Ra7
25.Nc4 Rc8 26.Nd2 Qc7 27.f3 Bh6 28.Nb3 Qg3+ 29.Qg2 Be3+ 30.Kf1 Qxf3+ 31.Qxf3 Bxf3
32.c3 e5 33.cxd4 exd4 34.Na5 Rc5 35.Nc4 Re7 36.Nxe3 dxe3 37.Bxa6 h5 38.gxh5 Rxh5
39.Be2 Rxh3 40.Bxf3 Rxf3+ 41.Kg2 Rf2+ 42.Kg3 Rf6 43.Re2   1/2-1/2

[Event "Obb.Jugend-EM 2012 U16"]
[Site "Riedenburg"]
[Date "2012.02.25"]
[Round "5"]
[White "Weitl, Stefan"]
[Black "Breidert, Daniel"]
[Result "1-0"]
[BlackElo "819"]
[WhiteElo "1286"]

1.e4 c5 2.Nf3 d6 3.c3 Nf6 4.e5 dxe5 5.Nxe5 b6 6.Bb5+ Bd7 7.Nxd7 Nbxd7 8.d4 e6 9.Bg5
Be7 10.Qf3 cxd4 11.cxd4 O-O 12.O-O h6 13.Bf4 Rc8 14.Nc3 Bb4 15.Ba6 Rb8 16.Bxb8 Nxb8
17.Be2 Qxd4 18.Rad1 Qe5 19.Rd3 a5 20.Rfd1 Be7 21.Qe3 Qc7 22.Nb5 Qc6 23.Nd4 Qd5 24.Nb3
Qb5 25.Rd8 Bxd8 26.Bxb5 Bc7 27.Qc3 Nd5 28.Rxd5 exd5 29.Qxc7 Na6 30.Bxa6 Re8 31.g3
a4 32.Nd4 Re4 33.Qd8+   1-0

[Event "Obb.Jugend-EM 2012 U16"]
[Site "Riedenburg"]
[Date "2012.02.25"]
[Round "5"]
[White "Deppe, Richard"]
[Black "Ohling, Ivo"]
[Result "0-1"]
[BlackElo "1093"]
[WhiteElo "1228"]

1.e4 e5 2.Nf3 Nc6 3.Bc4 Nf6 4.Nc3 d6 5.d3 Be6 6.Bxe6 fxe6 7.Bg5 Be7 8.O-O O-O 9.Qe2
Nd4 10.Nxd4 exd4 11.Nd1 Nd7 12.Bxe7 Qxe7 13.Rc1 e5 14.c3 c5 15.cxd4 cxd4 16.Rc7 b6
17.b3 Rfc8 18.Qc2 Qd8 19.Rxc8 Qxc8 20.Qe2 Nc5 21.Nb2 Qa6 22.Nc4 b5 23.Nxe5 dxe5 24.Rd1
Rf8 25.Qh5 Qf6 26.f3 a5 27.Qg4 b4 28.Qg3 Qf4 29.Qxf4 Rxf4 30.Kf2 Rf7 31.Ke2 Ne6 32.Kf2
g5 33.h3 Kg7 34.g3 g4 35.hxg4 Ng5 36.Ke2 Rxf3 37.Rc1 Re3+ 38.Kf2   0-1